000 00659nam a22002177a 4500
003 UA-OsUOA
001 83283
007 ta
008 20120409b un ||||| |||| 00| 0 ukr d
100 _aФрадков П.
090 _a330
_bФ82
942 _cSA
040 _aUA-OsUOA
_brus
_cUA-OsUOA
_dUA-OsUOA
245 _aНациональная внешнеэкономическая стратегия: проблемы и перспективы
300 _aС.57-65
955 _a0
041 _arus
080 _a330
773 0 _w83281
_tМеждународная экономика
_dМ.
_d2012
_g2
650 7 _a330 Економіка взагалі
_2UDC
999 _c369597
_d369597